000 00647nam a22001937a 4500
003 0
005 20240820141115.0
008 240820b xxu||||| |||| 00| 0 eng d
020 _a978-1-03-217132-6
050 _aHA29
_b.T47 2023
100 _aThrane, Christer
245 _aDoing statistical analysis :
_ba student's guide to quantitative research
_cChrister Thrane
260 _aNew York, NY
_bRoutledge
_c2023
300 _avii, 256 pages ;
_c25cm.
504 _aIncludes bibliographical references and index.
650 _aSocial sciences--Research--Statistical methods.
650 _aResearch--Statistical methods.
942 _2lcc
_cBK
999 _c366131
_d366131